000 00225nam a22000857a 4500
008 160719b xxu||||| |||| 00| 0 eng d
100 _93061
_a White, R
245 _aHow Computers Work
260 _aCalifornia
_bZiff Publication
_c1993
999 _c2624
_d2624